00437nam a2200181Ia 4500008004100000041001200041082001000053082001100063100001800074100001100092245005100103260001400154260003500168260000900203300001500212650001300227650001500240150909s9999 xx 000 0 und d aEnglish a589.3 bFRI/ST afRITSCH F E  eAuthor aStructure and reproduction of the the algaeV.1 aNew Delhi bVikas publishing house Pvt Ltd c1977 a791 Pages aAlgology aFlagellata